Catálogo

AN INTRODUCTION TO THE PSYCHOLOGY OF ADOLESCENCE (Registro nro. 46794)

Detalles MARC
000 -LEADER
fixed length control field 00505nam a2200181 a 4500
001 - CONTROL NUMBER
control field 46794
005 - DATE AND TIME OF LATEST TRANSACTION
control field 20180714030510.0
008 - FIXED-LENGTH DATA ELEMENTS--GENERAL INFORMATION
fixed length control field 140415s1979 000 0 spa d
020 ## - INTERNATIONAL STANDARD BOOK NUMBER
International Standard Book Number 0256021880
041 ## - LANGUAGE CODE
Language code of text/sound track or separate title spa
082 ## - DEWEY DECIMAL CLASSIFICATION NUMBER
Classification number 155.5
Item number NEW
100 1# - MAIN ENTRY--PERSONAL NAME
Personal name Newman, Barbara M.
245 13 - TITLE STATEMENT
Title AN INTRODUCTION TO THE PSYCHOLOGY OF ADOLESCENCE
260 ## - PUBLICATION, DISTRIBUTION, ETC.
Place of publication, distribution, etc. [s.l.] :
Name of publisher, distributor, etc. THE DORSEY PRESS,
Date of publication, distribution, etc. 1979
300 ## - PHYSICAL DESCRIPTION
Extent 541
650 14 - SUBJECT ADDED ENTRY--TOPICAL TERM
Topical term or geographic name entry element PSICOLOGIA DEL ADOLESCENTE
700 1# - ADDED ENTRY--PERSONAL NAME
Personal name NEWMAN, PHILIP R.
Relator term coaut.
Existencias
Withdrawn status Lost status Source of classification or shelving scheme Damaged status Not for loan Home library Current library Shelving location Date acquired Source of acquisition Total Checkouts Full call number Barcode Price effective from Koha item type Collection code Inventory number Date last seen Date last checked out
  Extraviado Dewey Decimal Classification     Biblioteca Karol Wojtyla Biblioteca Karol Wojtyla   03/12/2013 Compra   155.5 NEW 7018 03/12/2013 Libro        
    Dewey Decimal Classification     Biblioteca Karol Wojtyla Biblioteca Karol Wojtyla Sala general 03/12/2013 Compra   155.5 NEW 7016 03/12/2013 Libro General 151000000000000000064046 05/01/2026  
    Dewey Decimal Classification     Biblioteca Karol Wojtyla Biblioteca Karol Wojtyla Sala general 03/12/2013 Compra 1 155.5 NEW 7017 03/12/2013 Libro General 151000000000000000064047 05/01/2026 26/06/2019